00716nam a2200157 a 4500008004100000050001200041100001700053245016500070260004000235300001700275350000900292500013500301650001600436650004000452710006600492120416s1994 ||||||||||||||||| || u aCTA(02) aPowell, A. P10aInternational symposium on new information technologies in agriculture: papers presented november 10-12, 1993, Bonn, Germany.cedited by Antoinette Paris Powell aWageningen, Netherlands:bCTAc1994 a232p. : ill. a0.00 aSpecial issue: quarterly bulletin of the International association of agricultural information specialists.vol.xxxix, nos.1-2,1994 aAGRICULTURE aINFORMATION TECHNOLOGY--AGRICULTURE aTechnical Centre for Agricultural and Rural Cooperation (CTA)